| 000 | 00371nam a2200145Ia 4500 | ||
|---|---|---|---|
| 008 | 151213s9999 xx 000 0 und d | ||
| 100 | _aDr. Rafiqur Rahman | ||
| 245 |
_aCivil Litigation in Bangladesh _cDr. Rafiqur Rahman |
||
| 260 |
_aDhaka _bPeoples Press _c1986 |
||
| 300 | _a7132 p. | ||
| 650 | _aLaw | ||
| 650 | _aLaw | ||
| 700 | _aDr. Rafiqur Rahman | ||
| 999 |
_c3775 _d3775 |
||